[Event "DEM U8 2025"]
[Site "Willingen GER"]
[Date "2025.06.11"]
[Round "2"]
[White "Liu, Yining"]
[Black "Qiu, Caspar"]
[Result "0-1"]
[Termination "normal"]
[Board "1"]
[WhiteElo "1677"]
[BlackElo "1289"]
[WhiteClock "00:03:27"]
[BlackClock "00:21:24"]
[PlyCount "82"]
[WhiteFideId "8655049"]
[BlackFideId "34697691"]
[EventCountry "GER"]
[EventRounds "7"]
[EventType "swiss"]
[EventDate "2025.06.10"]

1. e4 {[%clk 01:00:27]} {[%emt 00:00:03]} c5 {[%clk 01:00:30]} 2. Nf3 {[%clk
01:00:31]} {[%emt 00:00:11]} d6 {[%clk 01:00:38]} {[%emt 00:00:07]} 3. c3
{[%clk 01:00:37]} {[%emt 00:00:09]} Nf6 {[%clk 01:00:42]} {[%emt 00:00:11]} 4.
Be2 {[%clk 01:00:32]} {[%emt 00:00:18]} Nc6 {[%clk 01:00:40]} {[%emt 00:00:17]}
5. d4 {[%clk 01:00:36]} {[%emt 00:00:12]} cxd4 {[%clk 01:00:44]} {[%emt
00:00:12]} 6. cxd4 {[%clk 01:00:42]} {[%emt 00:00:09]} Bd7 {[%clk 01:00:26]}
{[%emt 00:00:32]} 7. d5 {[%clk 00:59:06]} {[%emt 00:01:51]} Nb8 {[%clk
00:59:40]} {[%emt 00:01:01]} 8. Nc3 {[%clk 00:58:58]} {[%emt 00:00:23]} g6
{[%clk 00:59:42]} {[%emt 00:00:13]} 9. Be3 {[%clk 00:57:57]} {[%emt 00:01:15]}
Bg7 {[%clk 00:59:43]} {[%emt 00:00:14]} 10. h3 {[%clk 00:57:39]} {[%emt
00:00:34]} O-O {[%clk 00:59:50]} {[%emt 00:00:08]} 11. O-O {[%clk 00:56:54]}
{[%emt 00:00:59]} a6 {[%clk 00:58:53]} {[%emt 00:01:13]} 12. Rc1 {[%clk
00:54:43]} {[%emt 00:02:26]} b5 {[%clk 00:58:08]} {[%emt 00:00:48]} 13. Bd3
{[%clk 00:48:19]} {[%emt 00:06:51]} Re8 {[%emt 00:05:22]} 14. Ne2 {[%clk
00:45:39]} {[%emt 00:00:45]} e6 {[%clk 00:54:21]} {[%emt 00:01:06]} 15. dxe6
{[%clk 00:43:51]} {[%emt 00:02:03]} Bxe6 {[%clk 00:53:16]} {[%emt 00:01:19]}
16. Bb1 {[%clk 00:41:44]} {[%emt 00:02:21]} Bc4 {[%clk 00:51:00]} {[%emt
00:02:32]} 17. Nd2 {[%clk 00:40:21]} {[%emt 00:01:38]} Bxe2 {[%clk 00:47:23]}
{[%emt 00:03:53]} 18. Qxe2 {[%clk 00:39:47]} {[%emt 00:00:49]} d5 {[%clk
00:46:07]} {[%emt 00:01:30]} 19. Rfd1 {[%clk 00:36:59]} {[%emt 00:03:03]} Nbd7
{[%clk 00:44:40]} {[%emt 00:01:43]} 20. Bg5 {[%clk 00:31:26]} {[%emt 00:05:48]}
h6 {[%clk 00:44:04]} {[%emt 00:00:49]} 21. Bh4 {[%clk 00:31:04]} {[%emt
00:00:38]} g5 {[%clk 00:44:10]} {[%emt 00:00:09]} 22. Bg3 {[%clk 00:31:09]}
{[%emt 00:00:11]} Rc8 {[%clk 00:43:06]} {[%emt 00:01:19]} 23. Rxc8 {[%clk
00:29:52]} {[%emt 00:01:32]} Qxc8 {[%clk 00:43:14]} {[%emt 00:00:06]} 24. e5
{[%clk 00:28:41]} {[%emt 00:01:28]} Nxe5 {[%clk 00:39:51]} {[%emt 00:03:36]}
25. Bxe5 {[%clk 00:26:01]} {[%emt 00:02:55]} Nd7 {[%clk 00:39:55]} {[%emt
00:00:11]} 26. Nf3 {[%clk 00:18:01]} {[%emt 00:08:15]} Nxe5 {[%clk 00:39:07]}
{[%emt 00:01:04]} 27. Nxe5 {[%clk 00:16:50]} {[%emt 00:01:25]} Rxe5 {[%clk
00:38:35]} {[%emt 00:00:48]} 28. Qd3 {[%clk 00:16:25]} {[%emt 00:00:39]} Qc4
{[%clk 00:36:47]} {[%emt 00:02:03]} 29. Qf3 {[%clk 00:13:33]} {[%emt 00:03:07]}
Qe2 {[%clk 00:33:42]} {[%emt 00:03:20]} 30. Qb3 {[%clk 00:10:35]} {[%emt
00:03:13]} Qc4 {[%clk 00:30:14]} {[%emt 00:03:44]} 31. Qa3 {[%clk 00:08:09]}
{[%emt 00:02:41]} b4 {[%clk 00:27:41]} {[%emt 00:02:47]} 32. Qa5 {[%clk
00:06:39]} {[%emt 00:01:45]} Qe2 {[%clk 00:25:40]} {[%emt 00:02:16]} 33. Qd8+
{[%clk 00:05:25]} {[%emt 00:01:29]} Bf8 {[%clk 00:25:05]} {[%emt 00:00:50]} 34.
Rc1 {[%clk 00:04:56]} {[%emt 00:00:45]} Re8 {[%clk 00:23:28]} {[%emt 00:01:53]}
35. Qxd5 {[%clk 00:04:41]} {[%emt 00:00:29]} Qxb2 {[%clk 00:23:21]} {[%emt
00:00:22]} 36. Qd1 {[%clk 00:04:15]} {[%emt 00:00:40]} Qf6 {[%clk 00:21:42]}
{[%emt 00:01:53]} 37. Qd3 {[%clk 00:04:03]} {[%emt 00:00:27]} Qg6 {[%clk
00:20:58]} {[%emt 00:00:58]} 38. Qxg6+ {[%clk 00:03:10]} {[%emt 00:01:10]} fxg6
{[%clk 00:21:09]} {[%emt 00:00:05]} 39. Bxg6 {[%clk 00:03:21]} {[%emt
00:00:03]} Re2 {[%clk 00:21:08]} {[%emt 00:00:16]} 40. Rc7 {[%clk 00:03:20]}
{[%emt 00:00:16]} Re1+ {[%clk 00:21:14]} {[%emt 00:00:09]} 41. Kh2 {[%clk
00:03:27]} {[%emt 00:00:08]} Bd6+ {[%clk 00:21:24]} {[%emt 00:00:05]} 0-1

[Event "DEM U8 2025"]
[Site "Willingen GER"]
[Date "2025.06.11"]
[Round "2"]
[White "Tilenbaev, Akyl"]
[Black "Ju, Eric Zirui"]
[Result "0-1"]
[Termination "normal"]
[Board "2"]
[WhiteElo "1257"]
[BlackElo "1563"]
[WhiteClock "00:44:54"]
[BlackClock "00:36:02"]
[PlyCount "50"]
[BlackFideId "533011192"]
[EventCountry "GER"]
[EventRounds "7"]
[EventType "swiss"]
[EventDate "2025.06.10"]

1. e4 {[%clk 01:00:29]} {[%emt 00:00:01]} e5 {[%clk 01:00:23]} {[%emt
00:00:07]} 2. Nf3 {[%clk 01:00:39]} {[%emt 00:00:05]} Nc6 {[%clk 01:00:31]}
{[%emt 00:00:07]} 3. d4 {[%clk 01:00:48]} {[%emt 00:00:06]} exd4 {[%clk
01:00:40]} {[%emt 00:00:06]} 4. Nxd4 {[%clk 01:00:57]} {[%emt 00:00:05]} Bc5
{[%emt 00:03:12]} 5. Be3 {[%clk 01:01:01]} {[%emt 00:00:09]} Qf6 {[%clk
00:55:09]} {[%emt 00:02:52]} 6. c3 {[%clk 01:01:03]} {[%emt 00:00:12]} Nge7
{[%clk 00:53:24]} {[%emt 00:02:00]} 7. Bc4 {[%clk 01:01:07]} {[%emt 00:00:11]}
d6 {[%clk 00:50:01]} {[%emt 00:03:38]} 8. O-O {[%clk 01:01:12]} {[%emt
00:00:10]} Ne5 {[%clk 00:48:59]} {[%emt 00:01:18]} 9. h3 {[%clk 01:00:39]}
{[%emt 00:00:44]} Nxc4 {[%clk 00:48:42]} {[%emt 00:00:36]} 10. Qa4+ {[%clk
01:00:26]} {[%emt 00:00:28]} Bd7 {[%clk 00:46:52]} {[%emt 00:02:04]} 11. Qxc4
{[%clk 01:00:34]} {[%emt 00:00:05]} Qg6 {[%clk 00:45:13]} {[%emt 00:01:56]} 12.
Kh1 {[%clk 00:58:32]} {[%emt 00:02:15]} Qxe4 {[%clk 00:42:38]} {[%emt
00:02:52]} 13. Re1 {[%clk 00:54:29]} {[%emt 00:04:18]} Bxh3 {[%clk 00:38:33]}
{[%emt 00:04:21]} 14. Rg1 {[%clk 00:53:13]} {[%emt 00:01:30]} Be6 {[%clk
00:38:11]} {[%emt 00:00:37]} 15. Qa4+ {[%clk 00:46:57]} {[%emt 00:06:31]} Bd7
{[%clk 00:37:51]} {[%emt 00:00:35]} 16. Qxd7+ {[%clk 00:46:42]} {[%emt
00:00:30]} Kxd7 {[%clk 00:37:49]} {[%emt 00:00:17]} 17. Rd1 {[%clk 00:46:14]}
{[%emt 00:01:53]} h5 {[%clk 00:37:31]} {[%emt 00:00:32]} 18. f3 {[%clk
00:46:14]} {[%emt 00:00:15]} Qxe3 {[%clk 00:37:25]} {[%emt 00:00:21]} 19. Nc2
{[%clk 00:45:55]} {[%emt 00:00:34]} Qg5 {[%clk 00:36:46]} {[%emt 00:00:54]} 20.
Nd4 {[%clk 00:45:44]} {[%emt 00:00:27]} h4 {[%clk 00:36:29]} {[%emt 00:00:32]}
21. b4 {[%clk 00:45:33]} {[%emt 00:00:25]} h3 {[%clk 00:36:07]} {[%emt
00:00:36]} 22. Rd2 {[%clk 00:45:09]} {[%emt 00:00:39]} hxg2+ {[%clk 00:36:04]}
{[%emt 00:00:18]} 23. Kg1 {[%clk 00:44:59]} {[%emt 00:00:25]} Rh1+ {[%clk
00:36:02]} {[%emt 00:00:16]} 24. Kf2 {[%clk 00:44:57]} {[%emt 00:00:18]} g1=Q+
{[%clk 00:35:55]} {[%emt 00:00:24]} 25. Ke2 {[%clk 00:44:54]} {[%emt 00:00:22]}
Qf1# {[%clk 00:36:02]} {[%emt 00:00:08]} 0-1

[Event "DEM U8 2025"]
[Site "Willingen GER"]
[Date "2025.06.11"]
[Round "2"]
[White "Subenko, Alexander"]
[Black "Lehner, Hendrik Elias"]
[Result "1/2-1/2"]
[Termination "normal"]
[Board "3"]
[WhiteElo "1714"]
[BlackElo "1245"]
[WhiteClock "00:16:32"]
[BlackClock "00:40:10"]
[PlyCount "143"]
[WhiteFideId "533017077"]
[BlackFideId "533035148"]
[EventCountry "GER"]
[EventRounds "7"]
[EventType "swiss"]
[EventDate "2025.06.10"]

1. e4 {[%clk 01:00:26]} {[%emt 00:00:03]} e5 {[%clk 01:00:27]} {[%emt
00:00:05]} 2. Nf3 {[%clk 01:00:29]} {[%emt 00:00:10]} Nc6 {[%clk 01:00:32]}
{[%emt 00:00:10]} 3. Bc4 {[%clk 01:00:33]} {[%emt 00:00:11]} Nf6 {[%clk
01:00:42]} {[%emt 00:00:06]} 4. d3 {[%clk 01:00:32]} {[%emt 00:00:17]} h6
{[%clk 01:00:52]} {[%emt 00:00:04]} 5. O-O {[%clk 01:00:25]} Bc5 {[%clk
01:01:03]} {[%emt 00:00:27]} 6. Be3 {[%clk 01:00:14]} Bb6 {[%clk 01:01:11]}
{[%emt 00:00:32]} 7. Nc3 {[%emt 00:00:51]} d6 8. h3 {[%clk 01:00:05]} O-O
{[%clk 01:01:16]} {[%emt 00:00:14]} 9. Qd2 {[%clk 00:59:49]} {[%emt 00:00:30]}
Be6 {[%clk 01:01:22]} {[%emt 00:00:09]} 10. Bb3 {[%clk 00:59:33]} {[%emt
00:00:31]} Qd7 {[%clk 01:01:28]} {[%emt 00:00:10]} 11. Bxb6 {[%clk 00:59:10]}
{[%emt 00:00:38]} axb6 {[%clk 01:00:42]} {[%emt 00:01:01]} 12. d4 {[%clk
00:56:46]} {[%emt 00:02:39]} exd4 {[%clk 01:00:12]} {[%emt 00:00:45]} 13. Nxd4
{[%clk 00:56:17]} {[%emt 00:00:44]} Bxb3 {[%clk 00:58:32]} {[%emt 00:01:55]}
14. Nxb3 {[%clk 00:55:55]} {[%emt 00:00:37]} Rfe8 {[%clk 00:58:13]} {[%emt
00:00:32]} 15. Rfe1 {[%clk 00:55:16]} {[%emt 00:00:55]} Re6 {[%clk 00:57:34]}
{[%emt 00:00:54]} 16. Rad1 {[%clk 00:53:07]} {[%emt 00:02:24]} Rae8 {[%clk
00:57:23]} {[%emt 00:00:25]} 17. f3 {[%clk 00:53:09]} {[%emt 00:00:15]} Re5
{[%clk 00:55:12]} {[%emt 00:02:27]} 18. a3 {[%clk 00:51:48]} {[%emt 00:01:36]}
d5 {[%clk 00:51:55]} {[%emt 00:03:31]} 19. exd5 {[%clk 00:50:22]} {[%emt
00:01:41]} Nxd5 {[%clk 00:51:43]} {[%emt 00:00:26]} 20. Rxe5 {[%clk 00:50:03]}
{[%emt 00:00:34]} Rxe5 {[%clk 00:51:31]} {[%emt 00:00:27]} 21. Nxd5 {[%clk
00:50:00]} {[%emt 00:00:19]} Qe8 {[%clk 00:50:46]} {[%emt 00:00:58]} 22. Nxc7
{[%clk 00:49:00]} {[%emt 00:01:16]} Qe7 {[%clk 00:50:50]} {[%emt 00:00:07]} 23.
Nd5 {[%clk 00:49:00]} {[%emt 00:00:19]} Qe8 {[%clk 00:50:51]} {[%emt 00:00:13]}
24. Nc3 {[%clk 00:48:46]} {[%emt 00:00:30]} b5 {[%clk 00:49:24]} {[%emt
00:01:42]} 25. Nc1 {[%clk 00:45:10]} {[%emt 00:03:50]} Kh7 {[%clk 00:49:13]}
{[%emt 00:00:26]} 26. Nd3 {[%clk 00:44:15]} {[%emt 00:01:10]} Rg5 {[%clk
00:48:52]} {[%emt 00:00:36]} 27. f4 {[%clk 00:42:46]} {[%emt 00:01:44]} Rg6
{[%clk 00:48:04]} {[%emt 00:01:03]} 28. Re1 {[%clk 00:41:59]} {[%emt 00:01:02]}
Qd8 {[%clk 00:47:36]} {[%emt 00:00:43]} 29. Qf2 {[%clk 00:38:14]} {[%emt
00:04:00]} Qd4 {[%clk 00:46:29]} {[%emt 00:01:23]} 30. Ne5 {[%emt 00:01:25]}
Re6 {[%clk 00:45:32]} {[%emt 00:01:10]} 31. Qxd4 Nxd4 {[%clk 00:45:42]} 32. Nd3
{[%emt 00:02:28]} Rg6 {[%clk 00:45:33]} {[%emt 00:00:22]} 33. Kh2 {[%clk
00:33:47]} {[%emt 00:01:02]} Rd6 {[%clk 00:45:04]} {[%emt 00:00:45]} 34. Nb4
{[%clk 00:33:16]} {[%emt 00:00:46]} Rf6 {[%clk 00:44:33]} {[%emt 00:00:46]} 35.
Ncd5 {[%clk 00:31:23]} {[%emt 00:02:08]} Rf5 {[%clk 00:43:40]} {[%emt
00:01:07]} 36. g4 {[%clk 00:29:06]} {[%emt 00:02:33]} Rxd5 {[%clk 00:43:33]}
{[%emt 00:00:22]} 37. Re3 {[%clk 00:25:46]} {[%emt 00:03:35]} Rd8 {[%clk
00:42:55]} {[%emt 00:00:50]} 38. Re7 {[%clk 00:24:30]} {[%emt 00:01:34]} Nxc2
{[%clk 00:42:39]} {[%emt 00:00:31]} 39. Rxb7 {[%clk 00:24:00]} {[%emt
00:00:44]} Nxb4 {[%emt 00:00:37]} 40. axb4 {[%clk 00:24:03]} {[%emt 00:00:10]}
Rd2+ {[%clk 00:42:26]} {[%emt 00:00:08]} 41. Kg3 {[%clk 00:24:07]} {[%emt
00:00:11]} Rxb2 {[%clk 00:42:13]} {[%emt 00:00:29]} 42. Rxb5 {[%clk 00:24:13]}
{[%emt 00:00:08]} f6 {[%clk 00:42:05]} {[%emt 00:00:22]} 43. Rb7 {[%clk
00:23:45]} {[%emt 00:00:44]} Rb3+ {[%clk 00:41:48]} {[%emt 00:00:32]} 44. Kh4
{[%clk 00:23:43]} {[%emt 00:00:18]} Kh8 {[%clk 00:41:49]} {[%emt 00:00:13]} 45.
g5 {[%clk 00:23:38]} {[%emt 00:00:20]} hxg5+ {[%clk 00:41:37]} {[%emt
00:00:28]} 46. fxg5 {[%clk 00:23:29]} {[%emt 00:00:24]} fxg5+ {[%clk 00:41:42]}
{[%emt 00:00:11]} 47. Kxg5 {[%clk 00:23:36]} {[%emt 00:00:06]} Rxh3 {[%clk
00:41:48]} {[%emt 00:00:09]} 48. b5 {[%clk 00:23:40]} {[%emt 00:00:11]} Rb3
{[%clk 00:41:49]} {[%emt 00:00:13]} 49. b6 {[%clk 00:23:36]} {[%emt 00:00:20]}
Kg8 {[%clk 00:41:46]} {[%emt 00:00:13]} 50. Kf5 {[%clk 00:23:40]} {[%emt
00:00:15]} Kf8 {[%clk 00:41:50]} {[%emt 00:00:10]} 51. Ke6 {[%clk 00:23:35]}
{[%emt 00:00:21]} g5 {[%clk 00:41:42]} {[%emt 00:00:23]} 52. Kd6 {[%clk
00:22:05]} {[%emt 00:01:45]} g4 {[%clk 00:41:42]} {[%emt 00:00:16]} 53. Kc7
{[%clk 00:21:55]} {[%emt 00:00:26]} g3 {[%clk 00:41:52]} {[%emt 00:00:04]} 54.
Ra7 {[%clk 00:21:46]} {[%emt 00:00:24]} g2 {[%clk 00:41:45]} {[%emt 00:00:21]}
55. Ra1 {[%clk 00:21:51]} {[%emt 00:00:10]} Rc3+ {[%clk 00:41:33]} {[%emt
00:00:27]} 56. Kb8 {[%clk 00:21:27]} {[%emt 00:00:39]} Rf3 {[%clk 00:41:11]}
{[%emt 00:00:29]} 57. Rg1 {[%clk 00:21:29]} {[%emt 00:00:21]} Rf2 {[%clk
00:41:05]} {[%emt 00:00:21]} 58. b7 {[%clk 00:21:11]} {[%emt 00:00:33]} Ke7
{[%clk 00:40:58]} {[%emt 00:00:16]} 59. Re1+ {[%clk 00:18:49]} {[%emt
00:02:44]} Kd7 {[%clk 00:41:02]} {[%emt 00:00:09]} 60. Rd1+ {[%clk 00:17:33]}
{[%emt 00:01:32]} Ke7 {[%clk 00:41:06]} {[%emt 00:00:10]} 61. Ka7 {[%clk
00:16:59]} {[%emt 00:00:51]} Ra2+ {[%clk 00:40:59]} {[%emt 00:00:21]} 62. Kb6
{[%clk 00:16:49]} {[%emt 00:00:26]} Rb2+ {[%clk 00:41:05]} {[%emt 00:00:08]}
63. Kc7 {[%clk 00:16:52]} {[%emt 00:00:12]} Rc2+ {[%clk 00:41:07]} {[%emt
00:00:14]} 64. Kb8 {[%clk 00:16:55]} {[%emt 00:00:12]} Rf2 {[%clk 00:41:02]}
{[%emt 00:00:19]} 65. Rg1 {[%clk 00:17:02]} {[%emt 00:00:08]} Kf6 {[%clk
00:40:40]} {[%emt 00:00:36]} 66. Kc8 {[%clk 00:16:44]} {[%emt 00:00:35]} Rc2+
{[%clk 00:40:43]} {[%emt 00:00:12]} 67. Kd8 {[%clk 00:16:31]} {[%emt 00:00:27]}
Rd2+ {[%clk 00:40:37]} {[%emt 00:00:21]} 68. Ke8 {[%clk 00:16:20]} {[%emt
00:00:27]} Re2+ {[%clk 00:40:28]} {[%emt 00:00:24]} 69. Kd8 {[%clk 00:16:15]}
{[%emt 00:00:19]} Rd2+ {[%clk 00:40:33]} {[%emt 00:00:10]} 70. Ke8 {[%clk
00:16:23]} {[%emt 00:00:07]} Rb2 {[%clk 00:40:29]} {[%emt 00:00:18]} 71. Kd8
{[%clk 00:16:26]} {[%emt 00:00:13]} Rxb7 {[%clk 00:40:10]} {[%emt 00:00:34]}
72. Rxg2 {[%clk 00:16:32]} {[%emt 00:00:08]} 1/2-1/2

[Event "DEM U8 2025"]
[Site "Willingen GER"]
[Date "2025.06.11"]
[Round "2"]
[White "Gerhardt, Noah"]
[Black "Trifonov, Martin"]
[Result "1-0"]
[Termination "normal"]
[Board "4"]
[WhiteElo "1205"]
[BlackElo "1397"]
[WhiteClock "00:07:23"]
[BlackClock "00:32:45"]
[PlyCount "155"]
[WhiteFideId "34696083"]
[BlackFideId "2966204"]
[EventCountry "GER"]
[EventRounds "7"]
[EventType "swiss"]
[EventDate "2025.06.10"]

1. e4 {[%clk 01:00:28]} {[%emt 00:00:02]} c6 {[%clk 01:00:22]} {[%emt
00:00:09]} 2. d4 {[%clk 01:00:37]} {[%emt 00:00:05]} d5 {[%clk 01:00:30]}
{[%emt 00:00:08]} 3. e5 {[%clk 01:00:47]} {[%emt 00:00:04]} Bf5 {[%clk
01:00:29]} {[%emt 00:00:16]} 4. Nf3 {[%clk 01:00:53]} {[%emt 00:00:09]} e6
{[%clk 01:00:33]} {[%emt 00:00:12]} 5. Be2 {[%clk 01:01:00]} {[%emt 00:00:07]}
Nd7 {[%clk 01:00:33]} {[%emt 00:00:15]} 6. O-O {[%clk 01:00:36]} {[%emt
00:00:39]} c5 {[%clk 01:00:18]} {[%emt 00:00:30]} 7. c3 {[%clk 00:58:33]}
{[%emt 00:02:19]} Ne7 {[%clk 01:00:13]} {[%emt 00:00:20]} 8. Bb5 {[%clk
00:56:02]} {[%emt 00:02:45]} c4 {[%clk 00:59:51]} {[%emt 00:00:38]} 9. h3
{[%clk 00:53:39]} {[%emt 00:02:38]} a6 {[%clk 00:59:49]} {[%emt 00:00:18]} 10.
Ba4 {[%clk 00:53:41]} {[%emt 00:00:11]} b5 {[%clk 00:59:44]} {[%emt 00:00:21]}
11. Bc2 {[%clk 00:53:48]} {[%emt 00:00:07]} Bxc2 {[%clk 00:59:57]} {[%emt
00:00:02]} 12. Qxc2 {[%clk 00:53:55]} {[%emt 00:00:09]} Nf5 {[%clk 00:59:50]}
{[%emt 00:00:22]} 13. b3 {[%clk 00:53:15]} {[%emt 00:00:54]} Nb6 {[%clk
00:59:50]} {[%emt 00:00:15]} 14. Nbd2 {[%clk 00:51:25]} {[%emt 00:02:05]} b4
{[%clk 00:56:43]} {[%emt 00:03:23]} 15. cxb4 {[%clk 00:49:09]} {[%emt
00:02:31]} Bxb4 {[%clk 00:56:54]} {[%emt 00:00:03]} 16. bxc4 {[%clk 00:48:26]}
{[%emt 00:00:59]} dxc4 {[%clk 00:57:02]} {[%emt 00:00:07]} 17. Qe4 {[%clk
00:43:52]} {[%emt 00:04:49]} O-O {[%clk 00:56:01]} {[%emt 00:01:14]} 18. Rb1
{[%clk 00:42:02]} {[%emt 00:02:07]} Ba5 {[%clk 00:55:34]} {[%emt 00:00:43]} 19.
Ba3 {[%clk 00:40:29]} {[%emt 00:01:48]} Re8 {[%clk 00:55:23]} {[%emt 00:00:25]}
20. Bc5 {[%clk 00:39:45]} {[%emt 00:00:59]} Na4 {[%clk 00:55:14]} {[%emt
00:00:25]} 21. Qc2 {[%clk 00:36:40]} {[%emt 00:03:19]} Nxc5 {[%clk 00:53:02]}
{[%emt 00:02:28]} 22. dxc5 {[%clk 00:35:44]} {[%emt 00:01:12]} c3 {[%clk
00:53:07]} {[%emt 00:00:10]} 23. Nc4 {[%clk 00:34:36]} {[%emt 00:01:22]} Rc8
{[%clk 00:52:59]} {[%emt 00:00:23]} 24. g4 {[%clk 00:32:20]} {[%emt 00:02:32]}
Ne7 {[%clk 00:52:01]} {[%emt 00:01:13]} 25. Nd6 {[%clk 00:32:27]} {[%emt
00:00:08]} Rxc5 {[%clk 00:52:04]} {[%emt 00:00:11]} 26. Nxe8 {[%clk 00:32:26]}
{[%emt 00:00:17]} Qxe8 {[%clk 00:52:08]} {[%emt 00:00:11]} 27. Ng5 {[%clk
00:31:43]} {[%emt 00:00:58]} g6 {[%clk 00:51:40]} {[%emt 00:00:42]} 28. Ne4
{[%clk 00:31:27]} {[%emt 00:00:32]} Qc6 {[%clk 00:51:23]} {[%emt 00:00:33]} 29.
Nxc5 {[%clk 00:31:02]} {[%emt 00:00:39]} Qxc5 {[%clk 00:51:32]} {[%emt
00:00:06]} 30. Qa4 {[%clk 00:29:21]} {[%emt 00:01:56]} Nd5 {[%clk 00:50:13]}
{[%emt 00:01:34]} 31. Rb8+ {[%clk 00:26:02]} {[%emt 00:03:33]} Kg7 {[%clk
00:50:15]} {[%emt 00:00:13]} 32. Rbb1 {[%emt 00:00:37]} Nb6 {[%clk 00:48:18]}
{[%emt 00:02:10]} 33. Qf4 {[%clk 00:24:39]} {[%emt 00:01:18]} Nc4 {[%clk
00:45:49]} {[%emt 00:02:45]} 34. Qf6+ {[%clk 00:24:15]} {[%emt 00:00:39]} Kh6
{[%clk 00:45:45]} {[%emt 00:00:18]} 35. Qf4+ {[%clk 00:21:43]} {[%emt
00:02:47]} Kg7 {[%clk 00:45:39]} {[%emt 00:00:22]} 36. g5 {[%clk 00:19:56]}
{[%emt 00:02:02]} Bd8 {[%clk 00:45:05]} {[%emt 00:00:48]} 37. Rbc1 {[%clk
00:18:37]} {[%emt 00:01:35]} Nxe5 {[%clk 00:44:36]} {[%emt 00:00:42]} 38. Qe3
{[%clk 00:17:07]} {[%emt 00:01:46]} Qd5 {[%clk 00:43:48]} {[%emt 00:01:03]} 39.
Rxc3 {[%clk 00:14:56]} {[%emt 00:02:26]} Ba5 {[%clk 00:43:08]} {[%emt
00:00:55]} 40. Rb3 {[%clk 00:14:01]} {[%emt 00:01:11]} Bd2 {[%clk 00:41:14]}
{[%emt 00:02:09]} 41. Rd1 {[%clk 00:12:10]} {[%emt 00:02:06]} Bxe3 {[%clk
00:40:01]} {[%emt 00:01:28]} 42. Rxd5 {[%clk 00:12:12]} {[%emt 00:00:13]} Bxf2+
{[%clk 00:39:21]} {[%emt 00:00:55]} 43. Kxf2 {[%clk 00:12:15]} {[%emt
00:00:11]} exd5 {[%clk 00:39:30]} {[%emt 00:00:06]} 44. Ra3 {[%clk 00:11:35]}
{[%emt 00:00:56]} f6 {[%clk 00:38:50]} {[%emt 00:00:54]} 45. Rxa6 {[%clk
00:11:08]} {[%emt 00:00:42]} fxg5 {[%clk 00:38:14]} {[%emt 00:00:51]} 46. Rd6
{[%clk 00:11:15]} {[%emt 00:00:07]} Nd3+ {[%clk 00:36:54]} {[%emt 00:01:36]}
47. Kg3 {[%clk 00:10:45]} {[%emt 00:00:45]} Nf4 {[%clk 00:36:31]} {[%emt
00:00:36]} 48. Kg4 {[%clk 00:10:39]} {[%emt 00:00:21]} h5+ {[%clk 00:36:20]}
{[%emt 00:00:26]} 49. Kxg5 {[%clk 00:10:10]} {[%emt 00:00:45]} Nxh3+ {[%clk
00:36:26]} {[%emt 00:00:09]} 50. Kh4 {[%clk 00:10:13]} {[%emt 00:00:12]} Nf4
{[%clk 00:35:19]} {[%emt 00:01:21]} 51. Kg5 {[%clk 00:10:12]} {[%emt 00:00:16]}
Nh3+ {[%clk 00:35:16]} {[%emt 00:00:18]} 52. Kh4 {[%clk 00:10:21]} {[%emt
00:00:07]} Nf4 {[%clk 00:35:04]} {[%emt 00:00:41]} 53. a4 {[%clk 00:09:27]}
{[%emt 00:01:10]} Nd3 {[%clk 00:33:34]} {[%emt 00:01:46]} 54. Rxd5 {[%clk
00:08:30]} {[%emt 00:01:12]} Nb4 {[%clk 00:33:37]} {[%emt 00:00:11]} 55. Rb5
{[%clk 00:08:37]} {[%emt 00:00:08]} Na6 {[%clk 00:33:42]} {[%emt 00:00:11]} 56.
a5 {[%clk 00:07:59]} {[%emt 00:00:53]} Kh6 {[%clk 00:33:16]} {[%emt 00:00:40]}
57. Rb6 {[%clk 00:07:14]} {[%emt 00:00:59]} Nc5 {[%clk 00:32:52]} {[%emt
00:00:41]} 58. a6 {[%clk 00:07:09]} {[%emt 00:00:21]} Nxa6 59. Rxa6 {[%clk
00:07:22]} Kg7 {[%clk 00:32:31]} {[%emt 00:00:12]} 60. Re6 {[%clk 00:07:30]}
{[%emt 00:00:07]} Kf7 {[%clk 00:32:40]} {[%emt 00:00:07]} 61. Re5 {[%clk
00:07:13]} {[%emt 00:00:31]} Kf6 {[%clk 00:32:34]} {[%emt 00:00:22]} 62. Rg5
{[%clk 00:07:19]} {[%emt 00:00:08]} Kg7 {[%clk 00:32:40]} {[%emt 00:00:08]} 63.
Kg3 {[%clk 00:07:01]} {[%emt 00:00:35]} Kf6 {[%clk 00:32:47]} {[%emt 00:00:08]}
64. Kf4 {[%clk 00:06:53]} {[%emt 00:00:22]} Kg7 {[%clk 00:32:46]} {[%emt
00:00:16]} 65. Ke5 {[%clk 00:06:24]} {[%emt 00:00:45]} Kh6 {[%clk 00:32:06]}
{[%emt 00:00:55]} 66. Kf6 {[%clk 00:06:32]} {[%emt 00:00:06]} h4 {[%clk
00:32:07]} {[%emt 00:00:14]} 67. Rxg6 {[%clk 00:06:41]} {[%emt 00:00:07]} Kh5
{[%clk 00:32:13]} {[%emt 00:00:09]} 68. Rg5+ {[%clk 00:06:25]} {[%emt
00:00:31]} Kh6 {[%clk 00:32:17]} {[%emt 00:00:11]} 69. Kf5 {[%clk 00:06:31]}
{[%emt 00:00:09]} h3 {[%clk 00:32:19]} {[%emt 00:00:12]} 70. Rg3 {[%clk
00:06:39]} {[%emt 00:00:06]} h2 {[%clk 00:32:26]} {[%emt 00:00:09]} 71. Rh3+
{[%clk 00:06:52]} {[%emt 00:00:03]} Kg7 {[%clk 00:32:28]} {[%emt 00:00:12]} 72.
Rxh2 {[%clk 00:07:01]} {[%emt 00:00:04]} Kf7 {[%clk 00:32:33]} {[%emt
00:00:11]} 73. Rh7+ {[%clk 00:07:11]} {[%emt 00:00:05]} Kg8 {[%clk 00:32:28]}
{[%emt 00:00:21]} 74. Re7 {[%clk 00:07:02]} {[%emt 00:00:23]} Kf8 {[%clk
00:32:28]} {[%emt 00:00:15]} 75. Kf6 {[%clk 00:07:11]} {[%emt 00:00:07]} Kg8
{[%clk 00:32:29]} {[%emt 00:00:13]} 76. Ra7 {[%clk 00:07:14]} {[%emt 00:00:11]}
Kh8 {[%clk 00:32:36]} {[%emt 00:00:09]} 77. Kg6 {[%clk 00:07:23]} {[%emt
00:00:06]} Kg8 {[%clk 00:32:45]} {[%emt 00:00:06]} 78. Ra8# {[%emt 00:00:45]}
1-0